000 00309nam a2200133Ia 4500
008 190216s9999||||xx |||||||||||||| ||und||
100 _aTim Haag
245 0 _aComputer Science-Internet For Kids
250 _a1st Ed.
260 _bBpb Publications
_c1997
300 _a160
650 _aComputer
942 _cBK
999 _c8529
_d8529